| 000 | 00000nam##2200000za#4500 |
| 001 | 9.662686 |
| 003 | CaOODSP |
| 005 | 20210615120702 |
| 007 | ta |
| 008 | 150407|2002||||xxc||||| f|0| 0 fre|d |
| 020 | |a0-662-65650-4 |
| 040 | |aCaOODSP|bfre |
| 041 | |aeng |
| 041 | |afre |
| 043 | |an-cn--- |
| 086 | 1 |aSC94-81/2001 |
| 110 | 1 |aCanada.|bCentre canadien de gestion. |
| 245 | 10|aDe l'effort héroïque au travail quotidien : |bles enseignements découlant de la direction de projets horizontaux / |cpar Mark Hopkins, Chantal Couture et Elizabeth Moore. |
| 260 | |aOttawa - Ontario : |bCentre canadien de gestion |c2002. |
| 300 | |axii, 70p. : |bréférences, tableaux ; |c28 cm. |
| 563 | |aCouverture souple |
| 590 | |a02-31|b2002-08-02 |
| 691 | 07|aFonction publique|2gcpds |
| 691 | 07|aGestion administrative|2gcpds |
| 691 | 07|aDécentralisation|2gcpds |
| 720 | 1 |aHopkins, Mark |
| 720 | 1 |aCouture, Chantal |
| 720 | 1 |aMoore, Elizabeth |
| 776 | 0#|tDe l'effort héroïque au travail quotidien : |w(CaOODSP)9.640023 |
| 776 | 0#|tMoving from the heroic to the everyday : |w(CaOODSP)9.695903 |
| 791 | |tMoving from the heroic to the everyday : |eeng|w(CaOODSP)9.662685 |